Bilecik Bilecik Bilecik Bilecik Bilecik

İnsan Hakları Avrupa Mahkemesi kararlarında adil yargılanma hakkı : (Record no. 2909)

MARC details
000 -BAŞLIK
Sabit Uzunluktaki Kontrol Alanı 01274nam a22003857a 4500
001 - KONTROL NUMARASI
Control Dosyası 0002922
003 - KONTROL NUMARASI KİMLİĞİ
Kontrol Alanı KOHA_MİRAKIL
005 - EN SON İŞLEM TARİHİ ve ZAMANI
Kontrol Alanı 20260207001324.0
007 - FİZİKSEL TANIM SABİT ALAN - GENEL BİLGİ
Sabit uzunluklu kontrol alanı ta
008 - SABİT UZUNLUKTAKİ VERİ ÖGELERİ - GENEL BİLGİ
Sabit Alan 090312b2005 tu |||gr||||#||||0|tur |
020 ## - ISBN - ULUSLARARASI STANDART KİTAP NUMARASI
Isbn 9752954537
040 ## - KATALOGLAMA KAYNAĞI
Özgün Kataloglama Kurumu TR-BiSEU
Kataloglama Dili tur
Çeviri Kurumu TR-BiSEU
Açıklama Kuralları rda
041 0# - DİL KODU
Metin ya da ses kaydının dil kodu tur
044 ## - YAYINLAYAN/ÜRETEN KURULUŞUN ÜLKE KODU
ISO country code tu
050 ## - SINIFLAMA ve YER NUMARASI
Sınıflama Numarası KJC5132
Yer Numarası .I53 2005
100 1# - KİŞİ ADI
Yazar Adı (Kişi adı) İnceoğlu, Sibel.
245 1# - ESER ADI BİLDİRİMİ
Başlık İnsan Hakları Avrupa Mahkemesi kararlarında adil yargılanma hakkı :
Alt Eseradı vb. kamu ve özel hukuk alanlarında ortak yargısal hak ve ilkeler/
Sorumluluk Bildirimi Sibel İnceoğlu ; Sibel İnceoğlu.
264 #1 - ÜRERİM, YAYIN, DAĞITIM ve TELİF BİLDİRİMİ
Yayın yeri İstanbul :
Yayınlayan Beta
Yayın tarihi 2005
300 ## - FİZİKSEL TANIMLAMA
Sayfa, Cilt vb. X, 420 sayfa
336 ## - İÇERİK TÜRÜ
Content type term metin
Content type code txt
Source rdacontent
337 ## - MEDYA TÜRÜ
Media type term aracısız
Media type code n
Source rdamedia
338 ## - TAŞIYICI TÜRÜ
Carrier type term cilt
Carrier type code nc
Source rdacarrier
490 1# - DİZİ BİLDİRİMİ
Dizi Bildirimi Yayın no.
490 1# - DİZİ BİLDİRİMİ
Dizi Bildirimi 1569 Hukuk dizisi ;
Cilt Numarası 698.
500 ## - GENEL NOT
Genel Not Kaynakça var.
650 #0 - KONU BAŞLIĞI EK GİRİŞ - KONU TERİMİ
Konusal terim veya coğrafi ad İnsan hakları Avrupa.
9 (RLIN) 7654
650 #0 - KONU BAŞLIĞI EK GİRİŞ - KONU TERİMİ
Konusal terim veya coğrafi ad Medeni haklar Avrupa.
9 (RLIN) 7655
650 #0 - KONU BAŞLIĞI EK GİRİŞ - KONU TERİMİ
Konusal terim veya coğrafi ad Avrupa İnsan Hakları Mahkemesi.
9 (RLIN) 7656
650 #0 - KONU BAŞLIĞI EK GİRİŞ - KONU TERİMİ
Konusal terim veya coğrafi ad Human rights Europe.
9 (RLIN) 7657
650 #0 - KONU BAŞLIĞI EK GİRİŞ - KONU TERİMİ
Konusal terim veya coğrafi ad Civil rights Europe.
9 (RLIN) 7658
650 #0 - KONU BAŞLIĞI EK GİRİŞ - KONU TERİMİ
Konusal terim veya coğrafi ad Human rights Europe Interpretation and construction.
9 (RLIN) 7659
830 1# - SERİ EK GİRİŞİ - TEKBİÇİM ESER ADI
Tekbiçim Başlık Yayın no.
9 (RLIN) 1619
830 1# - SERİ EK GİRİŞİ - TEKBİÇİM ESER ADI
Tekbiçim Başlık 1569 Hukuk dizisi ;
Volume number/sequential designation 698.
9 (RLIN) 7660
942 ## - EK GİRİŞ ÖGELERİ (KOHA)
Source of classification or shelving scheme Library of Congress Classification
Koha item type Book
Holdings
Materyal Türü Kalıcı Konum Mevcut Konum Raf Yeri Sınıflandırma Kaynağı Edinim Bilgisi Ana Konular Alt Konular Yer Numarası Demirbaş Numarası Fatura Tarihi Maliyet, Alış Fiyatı Maliyet, Yenileme Fiyatı Geri Çekilme Durumu Kayıp Durumu Hasarlı Durumu Kredi için değil Kayıt Tarih Toplam Ödünçverme Son Görülme Tarihi Son Kontrol Tarihi Genel / Bağış Notu
Book Prof. Dr. Azmi Özcan Kütüphanesi Prof. Dr. Azmi Özcan Kütüphanesi Uluğbey Salonu Library of Congress Classification Bağış HUKUK Bölgesel Karşılaştırmalı Hukuk KJC5132 .I53 2005 0002922 13/08/2010 14.00 14.00         12/03/2009 4 05/12/2024 05/12/2024 Genel Bağış